| 000 | 00594nam a2200193 i 4500 | ||
|---|---|---|---|
| 001 | 82344 | ||
| 003 | ES-MaACL | ||
| 005 | 20250827035057.0 | ||
| 007 | t| | ||
| 008 | 041110s1964 sp ||||1| cat d | ||
| 100 | 1 |
_aIglésies, Josep. _965146 |
|
| 245 | 1 | 4 |
_aEls primers excursionistes / _cJosep Iglésies. |
| 260 |
_aBarcelona : _bRafael Dalmau, _c[1964] |
||
| 300 |
_a55 p. ; _c17 cm. |
||
| 500 | _aPrecede al tít.: Unió Excursionista de Catalunya. | ||
| 710 | 2 |
_aUnió Excursionista de Catalunya (Barcelona) _97004 |
|
| 852 |
_aES-MaACL _jC-26119 _bR.54885 |
||
| 999 |
_c82344 _d82344 |
||